00570nam a2200205 a 4500001001300000003000900013005001700022008004100039020001000080082002000090100001900110245008400129260003900213300001000252500003500262505001500297650001800312700001700330700001700347nice12345678IN_TiNIC20260116014715.0050524s2002 newa grp 000 0 eng  ac20000a341.7588bSHI12 aShiva, Vandana aSeeds of Suicideb The Ecological & Human Costs of Globalisation of Agriculture aNew Delhi bRFSTE, Navdanya c2002 a151p  aincludes index and biblioraphy2 aReferences aGlobalization1 aAfsar, Jafri1 aAshok, Emani